000
00319 a2200145 4500
001
152022
040
_c
Escola São Tomás de Aquino
100
_a
GARLAND, Sally Anne
240
1
0
_a
Dividir
_l
por
245
1
0
_a
Dividir
362
0
_a
2013
440
1
_a
Ciranda Cultural
697
_a
*LITERATURA INFANTO
942
_c
BK
999
_c
152022
_d
152022